Пред нас потоп (Запис номер 135063)
[ съкратено ]
| 000 -Лидер | |
|---|---|
| Контролно поле с фиксирана дължина | 01593nam a2200349 c 4500 |
| 003 - Код на организацията, давaща контролен номер | |
| Контролно поле | BLK |
| 005 - Дата и час на последна редакция | |
| Контролно поле | 20240303003955.0 |
| 008 - Елементи от данни с фиксирана дължина | |
| fixed length control field | 180409b bul|||||r ||||||| ||bul|| |
| 010 ## - Наследен системен номер | |
| LC control number | KNG00140985000 |
| 040 ## - Източник на каталожния запис | |
| Идентификатор на билиотеката - собственик на записа | BLK |
| 041 ## - Код за език | |
| Код за езика на текст/звукозапис или на отделно заглавие | Български |
| Код за езика КДБФ | Български |
| 080 ## - УДК | |
| Текстов определител УДК | Българска литература |
| УДК код - определител по УДК | 821.163.2 |
| УДК определител | -7 |
| УДК - код + определител | 821.163.2-7 |
| 100 ## - Редна дума - Автор | |
| Автор | Ганчев, Марко |
| Автор - информация (биография) | Писател и поет, сатирик, преводач от немски и белоруски |
| Дати, свързани с автора | 1932- |
| Пълна форма на името | Маринов, Марко Ганчев |
| Авторска отговорност | първи автор |
| R(LIN) | 267403 |
| 139 ## - Редно поле | |
| Редна дума | Ганчев, Марко и др. |
| Авторски знак | Ганч - Г 22 |
| 245 10 - Сведения за заглавието | |
| Заглавие | Пред нас потоп |
| Подзаглавни данни | Пародийни комикси |
| Редно поле (дума) | Марко Ганчев; съавт. Борис Илиев Димовски; рис. Борис Илиев Димовски; * Марко Ганчев Маринов. |
| 257 ## - Страна на издаване | |
| Страна на създаване/издаване | България |
| 260 ## - Област на издателските данни | |
| Име на издателя, разпространителя и проч. | в. Стършел |
| Година на издаване | 1967 |
| 300 ## - Физическа характеристика | |
| Страници | 32 с. |
| Илюстрации и др. | с ил. |
| Размери/Мащаб | 18 см |
| 380 ## - Жанр | |
| Жанр | Худож. лит. |
| 490 ## - СЕРИИ (Колекции) | |
| Име на серия | Библиотека Стършел |
| №: серия | № 131 |
| 9 (RLIN) | 205087 |
| 500 ## - Общи забележки | |
| Забележка | 30 100 тир. - Кор. опис. |
| 700 1# - Други автори (авторска отговорност) | |
| Лично име | Димовски, Борис Илиев |
| Автороска отговорност (Описва отношението между автора и произведението) | съавт. |
| 9 (RLIN) | 363792 |
| 700 1# - Други автори (авторска отговорност) | |
| Лично име | Димовски, Борис Илиев |
| Автороска отговорност (Описва отношението между автора и произведението) | рис. |
| 9 (RLIN) | 363792 |
| 700 1# - Други автори (авторска отговорност) | |
| Лично име | Маринов, Марко Ганчев |
| Автороска отговорност (Описва отношението между автора и произведението) | * |
| 9 (RLIN) | 373605 |
| 852 ## - Местоположение | |
| Форматна сигнатура | Цб 42500 |
| 856 4# - Електронен адрес и достъп | |
| Електронен формат | pdf - файл |
| 856 4# - Електронен адрес и достъп | |
| Електронен формат | pdf - файл |
| 999 ## - СИСТЕМНИ КОНТРОЛНИ НОМЕРА | |
| Koha biblionumber | 135063 |
| Koha biblioitemnumber | 135063 |
| 942 ## - АРТИКУЛИ | |
| Вид на библиотечния материал | Книги |
| Скрит в OPAC | Не |
| Периодичен библиозапис | Да |
| 944 ## - СЪЗДАВАНЕ И РЕДАКЦИЯ на ЗАПИСА | |
| Създаване/Редакция | Създаване |
| Дата на регистрацията/редакция | 2022-06-10 |
| Статус, дата на статуса | CRON CRON |
| Служител, извършил регистрацията/редакцията | |
| 944 ## - СЪЗДАВАНЕ И РЕДАКЦИЯ на ЗАПИСА | |
| Създаване/Редакция | Редакция |
| Дата на регистрацията/редакция | 18.03.2013 |
| Статус, дата на статуса | 18.03.2013 - от С1,Р / 18.03.2013 |
| 999 ## - СИСТЕМНИ КОНТРОЛНИ НОМЕРА | |
| Koha biblioitemnumber | 135063 |
| Код за отписване | Код за изгубен артикул | Източник на класификационната схема | Код за повреда | Коз за рестрикции | Код за отдаване | Артикулен № | Име на библиотеката - собственик | Име на библиотеката, в която се намира в момента | Статус (Текущо местоположение) | Дата на вписване в системата | Местоположение - отдел | Цена в лева | Инвентарен номер | Систематично азбучна сигнатура | Баркод | Номер на екземпляра | Цена в евро | Служебна бележка | Служебен тип на артикула |
|---|---|---|---|---|---|---|---|---|---|---|---|---|---|---|---|---|---|---|---|
| Не е изгубен | Universal Decimal Classification | Не е повреден | без рестрикции | ползва се в читалня | 220841 | Регионална библиотека "Любен Каравелов" Русе | Регионална библиотека "Любен Каравелов" Русе | Хранилище | 1967-01-01 | Хранилище | 15.00 | 14706/67 | Цб 42500 | 900000099166 | 1 | 7.67 | Дост: Dp Вид: Д N: стар фонд Дата: 01.01.1967 | Книги | |
| Изтеглен | Не е изгубен | Universal Decimal Classification | Не е повреден | без рестрикции | заемане за дома | 220842 | Регионална библиотека "Любен Каравелов" Русе | Регионална библиотека "Любен Каравелов" Русе | Заемна - подръчен фонд | 1967-01-01 | Заемна - подръчен фонд | 0.00 | 17174/67 | П 886.7-7/Г 22 | 17174/67 | 2 | 0.00 | Дост: Pk Вид: Ф N: стар фонд Дата: 01.01.1967 | Книги |
| Изтеглен | Не е изгубен | Universal Decimal Classification | Не е повреден | без рестрикции | заемане за дома | 220843 | Регионална библиотека "Любен Каравелов" Русе | Регионална библиотека "Любен Каравелов" Русе | Заемна - подръчен фонд | 1967-01-01 | Заемна - подръчен фонд | 0.00 | 17175/67 | П 886.7-7/Г 22 | 17175/67 | 3 | 0.00 | Дост: Pk Вид: Ф N: стар фонд Дата: 01.01.1967 | Книги |
| Изтеглен | Не е изгубен | Universal Decimal Classification | Не е повреден | без рестрикции | заемане за дома | 220844 | Регионална библиотека "Любен Каравелов" Русе | Регионална библиотека "Любен Каравелов" Русе | Заемна - подръчен фонд | 1967-01-01 | Заемна - подръчен фонд | 0.00 | 17176/67 | П 886.7-7/Г 22 | 17176/67 | 4 | 0.00 | Дост: Pk Вид: Ф N: стар фонд Дата: 01.01.1967 | Книги |